NBA 2025-2026 All Star - Statistics

General Stats
  • This quiz has been taken 46 times
  • The average score is 42 of 52
Answer Stats
Question Tile Select % Correct
Who is an NBA All Star on the USA Stripes (9) Josh Hart No
100%
Who is an NBA All Star on the USA Stripes (9) Al Horford No
98%
Who is an NBA All Star on the USA Stripes (9) Chris Paul No
95%
Who is an NBA All Star on the USA Stripes (9) Kobe Bryant No
95%
Who is an NBA All Star on the USA Stars (8) Alex Sarr No
90%
Who is an NBA All Star on the USA Stripes (9) Donovan Mitchell Yes
90%
Who is an NBA All Star on the USA Stripes (9) Kevin Durant Yes
90%
Who is an NBA All Star on team World (11) Amen Thompson No
88%
Who is an NBA All Star on team World (11) Evan Mobley No
88%
Who is an NBA All Star on the USA Stripes (9) Kawhi Leonard Yes
88%
Who is an NBA All Star on team World (11) Klay Thompson No
88%
Who is an NBA All Star on team World (11) LaMelo Ball No
88%
Who is an NBA All Star on the USA Stripes (9) Lebron James Yes
88%
Who is an NBA All Star on team World (11) Luka Doncic Yes
88%
Who is an NBA All Star on the USA Stripes (9) Stephen Curry Yes
88%
Who is an NBA All Star on the USA Stars (8) Amen Thompson No
85%
Who is an NBA All Star on team World (11) Anthony Davis No
85%
Who is an NBA All Star on team World (11) Damian Lillard No
85%
Who is an NBA All Star on team World (11) Giannis Antetokounmpo Yes
85%
Who is an NBA All Star on the USA Stripes (9) Jaylen Brown Yes
85%
Who is an NBA All Star on team World (11) Jimmy Butler No
85%
Who is an NBA All Star on the USA Stars (8) Joel Embiid No
85%
Who is an NBA All Star on the USA Stars (8) Kyrie Irving No
85%
Who is an NBA All Star on team World (11) Nikola Jokic Yes
85%
Who is an NBA All Star on team World (11) Russell Westbrook No
85%
Who is an NBA All Star on team World (11) Trae Young No
85%
Who is an NBA All Star on the USA Stars (8) Tyrese Maxey Yes
85%
Who is an NBA All Star on team World (11) Victor Wembanyama Yes
85%
Who is an NBA All Star on the USA Stars (8) Anthony Edwards Yes
83%
Who is an NBA All Star on team World (11) Shai Gilgeous-Alexander Yes
83%
Who is an NBA All Star on the USA Stars (8) Zion Williamson No
83%
Who is an NBA All Star on the USA Stripes (9) Jalen Brunson Yes
80%
Who is an NBA All Star on the USA Stars (8) Luka Doncic No
80%
Who is an NBA All Star on team World (11) Alperen Sengun Yes
78%
Who is an NBA All Star on the USA Stripes (9) Chet Holmgren No
78%
Who is an NBA All Star on team World (11) Deni Avdija Yes
78%
Who is an NBA All Star on team World (11) Jamal Murray Yes
78%
Who is an NBA All Star on the USA Stars (8) Jayson Tatum No
78%
Who is an NBA All Star on team World (11) Karl Anthony-Towns Yes
78%
Who is an NBA All Star on the USA Stars (8) Scottie Barnes Yes
78%
Who is an NBA All Star on the USA Stars (8) Cade Cunningham Yes
75%
Who is an NBA All Star on the USA Stars (8) Paolo Banchero No
75%
Who is an NBA All Star on the USA Stars (8) Chet Holmgren Yes
73%
Who is an NBA All Star on the USA Stars (8) Jalen Johnson Yes
73%
Who is an NBA All Star on the USA Stars (8) Jalen Duran Yes
70%
Who is an NBA All Star on the USA Stripes (9) Cade Cunningham No
68%
Who is an NBA All Star on the USA Stars (8) Devin Booker Yes
65%
Who is an NBA All Star on team World (11) Pascal Siakam Yes
65%
Who is an NBA All Star on the USA Stripes (9) De'aaron Fox Yes
60%
Who is an NBA All Star on team World (11) Norman Powell Yes
60%
Who is an NBA All Star on the USA Stripes (9) Devin Booker No
55%
Who is an NBA All Star on the USA Stripes (9) Brandon Ingram Yes
53%
No matching quizzes found
Score Distribution
Percent of People with Each Score
Percentile by Number Answered
Your Score History
You have not taken this quiz